000 00342nam a22001457a 4500
008 210609b ||||| |||| 00| 0 eng d
020 _a0070421714
041 _aeng
080 _23rd
_a330.101.542
082 _a330.101.542
100 _a52
101 _aMIKRO
245 _aIntermediate Microeconomics
_cRoger L. Miller
942 _2udc
_cBK
999 _c58085
_d58085